000 00514nam a2200193Ia 4500
003 OSt
005 20251003104229.0
008 220923b |||||||| |||| 00| 0 eng d
037 _cReference
040 _aRTL
_cRTL
_beng
041 _2eng
_aeng
084 _aR4, M1/SC
_qRTL
100 _aRaphael D.D.
_981311
245 0 _aMoral philosophy.
260 _aOxford
_bOxford University Press
_c1981
300 _a120 p.
_ccm.
942 _hR4, M1/SC
_cREF
_2CC
_n0
999 _c646641
_d646641